Organizácia a riadenie obchodnej činnosti
Uložené v:
| Hlavný autor: | |
|---|---|
| Korporativný autor: | |
| Médium: | Kniha |
| Jazyk: | Slovak |
| Vydavateľské údaje: |
Bratislava
Vysoká škola ekonomická
1978
|
| Tagy: |
Žiadne tagy, Buďte prvý, kto otaguje tento záznam!
|
MARC
| LEADER | 00000nam a2200000 4500 | ||
|---|---|---|---|
| 001 | c111392 | ||
| 005 | 20181219124617.0 | ||
| 041 | 0 | |a slo | |
| 044 | |a SK | ||
| 245 | 1 | 0 | |a Organizácia a riadenie obchodnej činnosti |c Mikuláš Andris a kol. |
| 264 | 1 | |a Bratislava |b Vysoká škola ekonomická |c 1978 | |
| 300 | |a 343, 131, 56 s. | ||
| 100 | 1 | |a Andris, Mikuláš | |
| 710 | 2 | |a Vysoká škola ekonomická v Bratislave. Obchodná fakulta | |